000 01290cam a2200241 4500500
005 20260201123515.0
041 _afre
042 _adc
100 1 0 _aChrétien, Jacques
_eauthor
245 0 0 _aLes adossements théoriques des professionnels en mecs
260 _c2012.
500 _a61
520 _aRésuméVoilà une dizaine d’années que la question de la diversification des pratiques est posée dans le champ de la protection de l’enfance. Cette période a vu se développer, d’une part, des contributions scientifiques discutant et explorant ce contexte et, d’autre part, un certain nombre d’initiatives professionnelles en ce sens. La question qui se pose alors est la suivante : dans quelle mesure diversification des pratiques et innovations socio-éducatives viennent-elles discuter, mettre en question, réviser ou modifier les adossements théoriques des professionnels en maisons d’enfants à caractère social ?
690 _amétier
690 _aorganisation
690 _apensée
690 _apratique
690 _aréférence
690 _aressource
690 _athéorie
786 0 _nEmpan | 85 | 1 | 2012-03-01 | p. 102-114 | 1152-3336
856 4 1 _uhttps://shs.cairn.info/revue-empan-2012-1-page-102?lang=fr&redirect-ssocas=7080
999 _c1642054
_d1642054